Naučiť sa učiť

Podrobná bibliografia
Hlavný autor: Plichtová, Jana, 1950- (Autor)
Médium: Článok
Jazyk:slovenčina
Predmet:

MARC

LEADER 00000nab a2200000 a 4500
001 vtls000118603
003 SK-MaSNL
005 20260304062827.0
008 250422c1982 xo 0 slo
015 |a SNBRB19rr/mm-uuuuu 
035 |a CL0128708 
035 |a urn:nbn:sk:snk-abbb4b 
035 |a (urnnbn)urn:nbn:sk:snk:ar-000vfh 
035 |a (uuid)f2f592e2-01b7-4fb1-8af2-3ffb5aa47b6b 
040 |a SNKBUCL  |b slo  |c SNKBUCL  |e AACR2 
041 0 |a slo 
044 |a xo  |c SK 
080 |a 159.94/.95  |2 1981 
080 |a 371.3  |2 1981 
100 1 |a Plichtová, Jana,  |d 1950-  |4 aut  |9 92414 
245 1 0 |a Naučiť sa učiť  |c Jana Plichtová 
650 0 7 |a pamäť  |2 snkbucl  |9 2559 
655 7 |a články z novín a časopisov  |2 snkbucl  |9 267496 
773 0 |t Rodina a škola  |g Roč. 29, č. 5 (1982), s. 4-5 
850 |a Slovenská národná knižnica 
852 |a Slovenská národná knižnica 
954 |a odborná, vedecká literatúra pôvodná (slovenská)  |2 lita 
958 |a article15 
958 |a OND 
958 |a RK 
958 |a EUIPO 
992 |a RBX 
999 |c 2739739  |d 2741669